Lazzaro "G" (Record n. 101342)

Dettagli MARC
000 -LEADER
fixed length control field 01385njm a2200325Ia 4500
001 - CONTROL NUMBER
control field H5018
003 - CONTROL NUMBER IDENTIFIER
control field IT-RoPAU
005 - DATE AND TIME OF LATEST TRANSACTION
control field 20220918181142.0
008 - FIXED-LENGTH DATA ELEMENTS--GENERAL INFORMATION
fixed length control field 131025s9999 xx 000 0 und d
040 ## - CATALOGING SOURCE
Original cataloging agency IT-RoPAU
040 ## - CATALOGING SOURCE
Transcribing agency IT-RoPAU
041 ## - LANGUAGE CODE
Language code of text/sound track or separate title ITALIANO
999 ## - SYSTEM CONTROL NUMBERS (KOHA)
Koha Dewey Subclass [OBSOLETE] n.d.
100 ## - MAIN ENTRY--PERSONAL NAME
Personal name Cento Giosy
9 (RLIN) 1580
100 ## - MAIN ENTRY--PERSONAL NAME
Relator term Autore musica
9 (RLIN) 33351
100 ## - MAIN ENTRY--PERSONAL NAME
Miscellaneous information Codice autore musica SPICS: 10822
9 (RLIN) 1582
245 ## - TITLE STATEMENT
Title Lazzaro "G"
250 ## - EDITION STATEMENT
Edition statement 1a ed.
260 ## - PUBLICATION, DISTRIBUTION, ETC. (IMPRINT)
Place of publication, distribution, etc. ROMA
260 ## - PUBLICATION, DISTRIBUTION, ETC. (IMPRINT)
Name of publisher, distributor, etc. PAOLINE AUDIOVISIVI
Date of publication, distribution, etc. 2002 [1a Ed.:2002 - Ed. Lingua Orig.: 2002]
300 ## - PHYSICAL DESCRIPTION
Extent SPARTITO MUSICALE
300 ## - PHYSICAL DESCRIPTION
Dimensions (Testo: 56 pag.)
500 ## - GENERAL NOTE
General note Spartito musicale. Grazie, Gesù cantautore di Dio. 25 anni di ministero della canzone di Giampaolo Mattei.
505 ## - FORMATTED CONTENTS NOTE
Formatted contents note Giovani Day - Graffiti di colori (M. Fiaschi coautore di testo) - "G" - Pescatore tu - Uomo di Gesù - Lazzaro - Lo sposo e la sposa - E' Gesù la sorgente - Il bambino di Anna - Sale e luce - Se tu canti per Dio - Fatevi preti - Sei grande Dio - Telefona se puoi.
650 ## - SUBJECT ADDED ENTRY--TOPICAL TERM
Topical term or geographic name as entry element RELIGIOSO [SPARTITI MUSICALI]
Relator term Codice MATERIA SPICS: 9953
9 (RLIN) 33352
700 ## - ADDED ENTRY--PERSONAL NAME
Personal name Cento Giosy
Relator term Autore
Miscellaneous information Codice autore SPICS: 10822
9 (RLIN) 33353
700 ## - ADDED ENTRY--PERSONAL NAME
Personal name Puccio Gregorio
Relator term Autore testo e musica
Miscellaneous information Codice autore testo/musica SPICS: 11508
9 (RLIN) 33354
700 ## - ADDED ENTRY--PERSONAL NAME
Personal name Cento Giosy
Relator term Interprete
Miscellaneous information Codice interprete SPICS: 10822
9 (RLIN) 33355
942 ## - ADDED ENTRY ELEMENTS (KOHA)
Koha item type SPARTITI
Source of classification or shelving scheme Dewey Decimal Classification
Dati di copia
Withdrawn status Lost status Damaged status Not for loan Home library Current library Date acquired Total Checkouts Full call number Date last seen Price effective from Koha item type Public note
    Buone Condizioni Not For Loan SPICS-MEDIATECA SPICS-MEDIATECA 25/10/2013   H5018 25/10/2013 25/10/2013 SPARTITI Progr. Ins.: 23015 / N.Vol.: 1 / Copie: 1 - Copia rara: n.d. / date import: 01.01.2014 - By Epidotti, Trombetti, Vaglietti
CREDITS: SOCIETA' SAN PAOLO Via A.Severo, 58 - ROMA (RM) & PERIODICI SAN PAOLO SRL Via Giotto, 36 MILANO & CISF Via Giotto, 36 MILANO & EDIZIONI SAN PAOLO SRL,  Piazza Soncino, 5 CINISELLO BALSAMO (MI) -- ITALY